000 00908nam a2200301Ia 4500
001 33001
003 IT-RoPAU
008 130308s9999 xx 000 0 und d
040 _aIT-RoPAU
040 _cIT-RoPAU
041 _aITALIANO
100 _aAA.VV.
100 _gCodice Aut. SPICS: 12000
245 _a1980/1983: il varietà televisivo come modello di produzione Rai
245 _bAi Confini della Serialita'
250 _a1a ed.
260 _aITALIA
260 _bSocieta' Editrice Napoletana
260 _c1984 [1° Ed.:1984 - Ed.Ling.Originale:1984]
300 _a"10 p. (prefazione: no ; testo: 10 [pagine: 158-167])"
500 _aAutori del Contributo: Assunta bianco Luisella Bolla Maria Buovolo Imma Castropignano
650 _aSOCIOLOGIA DELLA COMUNICAZIONE SOCIALE
650 _eCodice materia Spics: 3806
942 _cBK
957 _71
999 _c44175
_d44175
999 _bSI
999 _g1